Chansons d'Alonzo - Statistiques

Statistiques générales
  • Ce quiz a été pris 48 fois
  • Le résultat moyen est 9 sur 15
Answers on the Grid
Answers color-coded by a green-red scale on the quiz's grid according to % correct below.
280
Sort le cross volé
Héritiers
Comme avant
Teresita
Immonde
Quartiers Nords
On met les voiles
Abstrait
Mon Bébé
Na Za Désolé
Sortez les mapessa
Santana
Traficante
Pilier
Ninao
Monica
Filon
Mon Père C'est Ma Mère
Ti Ti TI
Free Congo
Fréro
Willy Wonka
Finis les
Je suis resté le même
Air Max
En boucle
Amour, Gloire et Cité...666
Petit Frère
Papa Allo
 
Statistiques - réponses
Réponse % Correct
Papa Allo
95%
Santana
86%
En boucle
81%
Finis les
76%
On met les voiles
76%
Traficante
76%
Quartiers Nords
57%
Comme avant
52%
Monica
52%
Fréro
48%
Amour, Gloire et Cité...666
38%
Héritiers
38%
280
33%
Mon Père C'est Ma Mère
24%
Abstrait
19%
Aucun quiz correspondant
Distribution des résultats
% des personnes avec chaque résultat
Percentile par nombre de réponses
Votre historique - résultats
Vous n’avez pas pris ce quiz